01633nam a2200313 i 4500001001000000003000900010005001700019007000300036008004100039040003000080041000800110082002400118100005600142245006000198264004800258300002700306336002700333337003300360338002800393590002600421910000700447942001400454952013700468952014400605952024900749952017500998952012901173999001701302000039122DO-SdBNP20251027135440.0ta130524s1982 dr 000 0 spa d aDO-SdBNPbspacBNPHUerda hspa 4aRD863.44bG275f2221 aGautreaux Piñeyro, Bonaparte,eautor4aut.92898610aAl final del arcoiris /cBonaparte Gautreaux Piñeyro. 4aSanto Domingo :bEditora Corripio,c©1982. a182 páginas ;c22 c. ardacontentbtexto2txt ardamediabsin mediación2n ardacarrierbvolumen2nc aInventariado, 2025/DG aDG 2ddccLBS1 00102ddc51708PDaBNPHUbBNPHUcCTd2013-05-24l0o BNPHU PD RD863.44 G275fp39122-10r2020-06-25w2020-06-25yLBS1ZNo se presta 00102ddc51708PDaBNPHUbBNPHUcCTd2015-04-13l0o BNPHU PD RD863.44 G275fp39122-20r2020-06-25te. 2w2020-06-25yLBS1ZNo se presta 00102ddc56708DSaBNPHUbBNPHUcCTd2025-02-04eDonado por la Presidencia de la República Dominicana 2023.l0oBNPHU DS RD863.44 G275fp2025-0678r2025-02-04te.3w2025-02-04yLBS1zPertenecio a la biblioteca de René Rodríguez Soriano. 00102ddc56708DSaBNPHUbBNPHUcCTd2025-10-21eDonado por Ilonka Nacidit Perdomol0oBNPHU DS RD863.44 G275fp2025-11994r2025-10-21te.4w2025-10-21yLBS1zDedicado. 00102ddc56708DSaBNPHUbBNPHUcCTd2025-10-21l0oBNPHU DS RD863.44 G275fp2025-11995r2025-10-21te.5w2025-10-21yLBS1 c38612d38612